|
|
|
|
| LEADER |
00000nam a22000007a 4500 |
| 005 |
20190219122222.0 |
| 007 |
cr|||| |||| |
| 008 |
190219s2008 tc |||||s|||| 00||0 eng d |
| 035 |
|
|
|a 2611
|
| 040 |
|
|
|a vLex
|
| 090 |
|
|
|c 8453
|d 8453
|
| 245 |
0 |
0 |
|a Mondaq Turks and Caicos Islands
|h [Recurso electrn̤ico] /
|
| 256 |
|
|
|a Servicio en ln̕ea
|
| 260 |
|
|
|a Cockburn Town:
|b Mondaq,
|c 2008
|
| 300 |
|
|
|a 1 recurso electrn̤ico
|
| 490 |
|
0 |
|a Mondaq Business Briefing
|
| 500 |
|
|
|a Turks and Caicos Islands Law Articles in English.
|
| 506 |
1 |
|
|a Disponible solo en los productos indicados
|d vLex Global
|d vLex Global (Academic Edition, excluding Law Schools)
|d vLex Global (U.S. Academic Edition, Law Schools)
|d vLex Global (U.S. Academic Edition, excluding Law Schools)
|d vLex Global (Academic Edition, Law Schools)
|
| 650 |
0 |
4 |
|a Derecho Pb︢lico y Administrativo
|z Islas Turcas y Caicos
|
| 740 |
0 |
|
|a vLex Libros (Servicio en ln̕ea)
|
| 856 |
4 |
0 |
|u http://vlex.com/source/2611
|z Acceso restringido
|
| 942 |
|
|
|c BOOK
|
| 999 |
0 |
|
|a Public and Administrative Law
|